|
|
|
|
| LEADER |
00678nam a2200181 i 4500 |
| 001 |
misc57679 |
| 005 |
20210514162236.0 |
| 008 |
210514s1820 hu o 0|| hun d |
| 040 |
|
|
|a SZTE Miscellanea Repozitórium
|b hun
|
| 041 |
|
|
|a hun
|
| 100 |
1 |
|
|a Dugonics András
|
| 245 |
1 |
0 |
|a Példa beszédek és jeles mondások
|h [elektronikus dokumentum] /
|c Dugonics András
|
| 260 |
|
|
|a Grünn Orbán
|b Szeged, Magyarország
|c 1820
|
| 300 |
|
|
|a 352 p.
|
| 650 |
|
4 |
|a Bölcsészettudományok
|
| 650 |
|
4 |
|a Nyelvek és irodalom
|
| 695 |
|
|
|a Közmondások - magyar, Magyar nyelv - szólások, Magyar nyelv - közmondások
|
| 856 |
4 |
0 |
|u http://misc.bibl.u-szeged.hu/57679/1/ra_8659.pdf
|z Dokumentum-elérés
|